000 00858nas a2200277 4500
001 BR2016002191
003 BR-BrBNA
005 20231205130437.0
007 ta
008 230509b bl.|||p| |||| 00| 00por d
040 _aBR-BrBNA
_bpor
_cBiblioteca Nacional de Agricultura
041 _a(Pt)
072 _aM12
100 1 _aPereira, S.L.
100 1 _aMendonça, P.P.
100 1 _aPellanda, A.S.
100 1 _aMatielo, M.D.
100 1 _aGonçalves Junior, L.P.
245 1 _aUtilização de diferentes alimentos na larvicultura de traíra (Hoplias malabaricus)
650 _aTRAIRA
650 _aAQUICULTURA
650 _aPOS-LARVA
773 0 _tRevista Brasileira de Medicina Veterinária (Brazil)
_xISSN 0100-2430
_g(Jul-Sep 2015), v. 37(3) p. 233-238
_wBR2016002191
909 _a202311
_bLúcia
_c55
_dLúcia Elande
942 _2AGRIS
_n0
_cANA
999 _c249479
_d249479